| 000 | 00570nam a2200181Ia 4500 | ||
|---|---|---|---|
| 008 | 090124s9999 xx 000 0 und d | ||
| 082 |
_b6298 _a839 |
||
| 100 | _aगदे्र अनंत हरि | ||
| 245 | _a नाटिकानवरत्नहार | ||
| 250 | _a1 | ||
| 260 | _c1942 | ||
| 300 | _a368 | ||
| 600 | _aगदे्र अनंत हरि | ||
| 630 | _a नाटिकानवरत्नहार | ||
| 700 | _aगदे्र अनंत हरि | ||
| 730 | _a नाटिकानवरत्नहार | ||
| 942 | _cBOOK | ||
| 999 |
_c120239 _d120239 |
||